Central Library, Doon University
WEBOPAC (ONLINE PUBLIC ACCESS CATALOGUE)

Craig's Soil Mechanics (Record no. 60784)

MARC details
000 -LEADER
fixed length control field 00507nam a22002057a 4500
005 - DATE & TIME
control field 20260513130346.0
008 - FIXED-LENGTH DATA ELEMENTS--GENERAL INFORMATION
fixed length control field 260513b |||||||| |||| 00| 0 eng d
020 ## - ISBN
International Standard Book Number 9781138070066
Price 5095.49
040 ## - CATALOGING SOURCE
Original cataloging agency Doon University
041 ## - Language
Language English
082 ## - DDC NUMBER
Classification number 624.151
Book Number KNA
100 ## - MAIN ENTRY--PERSONAL NAME
Personal name Knappett, Jonathan
245 ## - TITLE STATEMENT
Title Craig's Soil Mechanics
250 ## - EDITION STATEMENT
Edition statement 9th
260 ## - PUBLICATION, DISTRIBUTION, ETC. (IMPRINT)
Place of publication, distribution, etc London
Name of publisher, distributor, etc CRC Press
Date of publication, distribution, etc 2020
300 ## - PHYSICAL DESCRIPTION
Pages 639
650 ## - Subject
Subject Geology (PM USHA)
700 ## - Added Entry Personal Name
Added Entry Personal Name Craig, R. F.
942 ## - ADDED ENTRY ELEMENTS (KOHA)
Koha item type Books
100 ## - MAIN ENTRY--PERSONAL NAME
-- 26812
650 ## - Subject
-- 26712
700 ## - Added Entry Personal Name
-- 26813
952 ## - LOCATION AND ITEM INFORMATION (KOHA)
-- 2026-05-13
Holdings
Withdrawn status Lost status Source of classification or shelving scheme Damaged status Not for loan Location (home branch) Sublocation or collection (holding branch) Date acquired Koha issues (times borrowed) Koha full call number Accession No. Koha date last seen Koha item type
          Doon University Doon University 13.05.2026   624.151 KNA 33018 13.05.2026 Books
Contact : +91-135-2533126 (Library),+91-135-2533105 (Admin Office) , Email : doonlibrary@gmail.com

Powered by Koha